000 00431nam a2200181Ia 4500
001 14821
005 20260306164942.0
008 260306t2011||||xx |||||||||||||| ||spa||
041 _aESP
082 _a519.4
_bCH543
100 _aCheney, Ward
_eAUT
245 0 _aMétodos numéricos y computacion
260 _c2011
300 _axxiv, 763 páginas :
_c24 cm.
650 _aGEN
654 _aCMA
942 _cLIB
_dJUS
_fJUS
_2ddc
_n
999 _c14821
_d14821